000 01026cam a2200217 4500
001 ABS66867
008 030801n2003 000 0 eng u
035 _a(Sirsi) u123176
100 _aLupton, S.
245 _aUpdate on JCT standard forms of contract in the UK - revisions and new forms since 1998
260 _c2003
490 _aInternational Construction Law Review
_v20(3) July 2003, 430-441(12)
520 _aOutlines the scope of the JCT 1998, its revisions, subsequent amendments to those editions and the new forms. Clear summaries of JCT forms are available according to the procurement route and a detailed list and table of current forms.
590 _aABS
650 _aBUILT ENVIRONMENT-BUILDING CONTRACT FORMS-STANDARD FORMS OF BUILDING CONTRACT-JOINT CONTRACTS TRIBNUAL CONTRACTS
650 _aJCT STANDARD FORM OF BUILDING CONTRACT (1998 EDITION)
650 _aBUILT ENVIRONMENT-BUILDING CONTRACT FORMS
690 _aBUILT ENVIRONMENT-BUILDING CONTRACT FORMS
700 _aCox, S.
942 _n0
999 _c73151
_d73151